Catálogo público

Viaje de estudio realizado a estados de México-Querétaro-Guanajuato-Aguascalientes-Zacatecas / (Record no. 175719)

MARC details
000 -CABECERA
campo de control de longitud fija 02861nam a2200541Ia 4500
001 - NÚMERO DE CONTROL
campo de control dia_4920
003 - IDENTIFICADOR DEL NÚMERO DE CONTROL
campo de control CHAP
005 - FECHA Y HORA DE LA ÚLTIMA TRANSACCIÓN
campo de control 20240405101622.0
007 - CAMPO FIJO DE DESCRIPCIÓN FÍSICA--INFORMACIÓN GENERAL
campo de control de longitud fija ta
008 - DATOS DE LONGITUD FIJA--INFORMACIÓN GENERAL
campo de control de longitud fija 220117s2009 mx abo f 001 0 spa d
040 ## - FUENTE DE LA CATALOGACIÓN
Centro/agencia transcriptor CHAP
Centro catalogador/agencia de origen mxchpua
090 ## - LOCALMENTE ASIGNADO TIPO-LC NÚMERO DE CLASIFICACIÓN (OCLC); NÚMERO DE CLASIFICACIÓN LOCAL (RLIN)
Número de clasificación (OCLC) (R) ; Numero de clasificación, CALL (RLIN) (NR) T.C.552
Número cutter local (OCLC) ; Número de libro/Signatura topográfica íntegra, CALL (RLIN) P47 IA
Año 2009
245 10 - MENCIÓN DE TÍTULO
Título Viaje de estudio realizado a estados de México-Querétaro-Guanajuato-Aguascalientes-Zacatecas /
Mención de responsabilidad, etc. coordinador Arturo Pérez Roman ; colaboradores Ana Estela Arcos Hernández...[y otros]
260 ## - PUBLICACIÓN, DISTRIBUCIÓN, ETC.
Lugar de publicación, distribución, etc. México :
Nombre del editor, distribuidor, etc. El autor,
Fecha de publicación, distribución, etc. 2009
300 ## - DESCRIPCIÓN FÍSICA
Extensión iii, 143 hojas :
Otras características físicas ilustraciones, tablas, diagramas, mapas, fotos
336 ## - TIPO DE CONTENIDO
Fuente rdacontent,
Término de tipo de contenido texto
Código de tipo de contenido txt
337 ## - TIPO DE MEDIO
Fuente rdamedia
Nombre/término del tipo de medio no mediado
Código del tipo de medio n
338 ## - TIPO DE SOPORTE
Fuente rdacarrier
Nombre/término del tipo de soporte volumen
Código del tipo de soporte nc
500 ## - NOTA GENERAL
Nota general Grado: 4° año Grupo: 04
502 ## - NOTA DE TESIS
Nota de tesis Viaje de estudios
Tipo de título (IA) --
Nombre de la institución que otorga el título UACh. Departamento de Ingeniería Agroindustrial,
Año de obtención del título 2009
505 00 - NOTA DE CONTENIDO CON FORMATO
Título Empresas visitadas : --<br/>1.Yakult, S. A. de C. V. --<br/>2.Sociedad Cooperativa de Trabajadores de Pascual Boing --<br/>3.Harinera Queretana Fénix, S. A. de C. V. --<br/>4.Rancho Michintepec Real Vagú, S. A. de C. V. --<br/>5.Tequila Corralero --<br/>6.Danone de México, S. A. de C. V. --<br/>7.Kerry (Ingredientes) --<br/>8.Tequilera Real Penjamo --<br/>9.La Cristalita, S. A. de C. V. --<br/>10.FREASA (Frigorífico y empacadora, S. A. de C. V.) --<br/>11.Encurtidos Delecur --<br/>12.Fábrica de dulces Flor de Calvillo, S. de R. L. --<br/>13.Viñedos y bodegas Hacienda de Letras --<br/>14.Grupo Modelo, S. A. de C. V. --<br/>15.Sociedad cooperativa de consumo La Frenillense --<br/>16.Deshidratadora de chiles Hermanos Trejo --<br/>17.Planta de verificación del Valle de las Arsinas, S. de R. L. --<br/>18.Centro Regional Universitario Centro Norte (CRUCEN)
650 13 - PUNTO DE ACCESO ADICIONAL DE MATERIA--TÉRMINO DE MATERIA
Término de materia o nombre geográfico como elemento de entrada Industria cervecera
9 (RLIN) 57799
650 13 - PUNTO DE ACCESO ADICIONAL DE MATERIA--TÉRMINO DE MATERIA
Término de materia o nombre geográfico como elemento de entrada Industria de la confitería
9 (RLIN) 148414
650 13 - PUNTO DE ACCESO ADICIONAL DE MATERIA--TÉRMINO DE MATERIA
Término de materia o nombre geográfico como elemento de entrada Industria de los alimentos
9 (RLIN) 148659
650 13 - PUNTO DE ACCESO ADICIONAL DE MATERIA--TÉRMINO DE MATERIA
Término de materia o nombre geográfico como elemento de entrada Industria de productos agrícolas
9 (RLIN) 151277
650 13 - PUNTO DE ACCESO ADICIONAL DE MATERIA--TÉRMINO DE MATERIA
Término de materia o nombre geográfico como elemento de entrada Industria del vino
9 (RLIN) 151418
650 13 - PUNTO DE ACCESO ADICIONAL DE MATERIA--TÉRMINO DE MATERIA
Término de materia o nombre geográfico como elemento de entrada Industria lechera
9 (RLIN) 57819
650 13 - PUNTO DE ACCESO ADICIONAL DE MATERIA--TÉRMINO DE MATERIA
Término de materia o nombre geográfico como elemento de entrada Industria molinera
9 (RLIN) 157045
650 13 - PUNTO DE ACCESO ADICIONAL DE MATERIA--TÉRMINO DE MATERIA
Término de materia o nombre geográfico como elemento de entrada Jugos de fruta
9 (RLIN) 62307
650 13 - PUNTO DE ACCESO ADICIONAL DE MATERIA--TÉRMINO DE MATERIA
Término de materia o nombre geográfico como elemento de entrada Tequila
9 (RLIN) 112336
650 13 - PUNTO DE ACCESO ADICIONAL DE MATERIA--TÉRMINO DE MATERIA
Término de materia o nombre geográfico como elemento de entrada Dairy industry
9 (RLIN) 147068
650 13 - PUNTO DE ACCESO ADICIONAL DE MATERIA--TÉRMINO DE MATERIA
Término de materia o nombre geográfico como elemento de entrada Confectionery industry
9 (RLIN) 148412
650 13 - PUNTO DE ACCESO ADICIONAL DE MATERIA--TÉRMINO DE MATERIA
Término de materia o nombre geográfico como elemento de entrada Food industry
9 (RLIN) 148657
650 13 - PUNTO DE ACCESO ADICIONAL DE MATERIA--TÉRMINO DE MATERIA
Término de materia o nombre geográfico como elemento de entrada Fruit juices
9 (RLIN) 148584
650 13 - PUNTO DE ACCESO ADICIONAL DE MATERIA--TÉRMINO DE MATERIA
Término de materia o nombre geográfico como elemento de entrada Milling industry
9 (RLIN) 157318
650 13 - PUNTO DE ACCESO ADICIONAL DE MATERIA--TÉRMINO DE MATERIA
Término de materia o nombre geográfico como elemento de entrada Horticultural products industry
9 (RLIN) 151276
650 13 - PUNTO DE ACCESO ADICIONAL DE MATERIA--TÉRMINO DE MATERIA
Término de materia o nombre geográfico como elemento de entrada Brewing industry
9 (RLIN) 151423
650 13 - PUNTO DE ACCESO ADICIONAL DE MATERIA--TÉRMINO DE MATERIA
Término de materia o nombre geográfico como elemento de entrada Wine industry
9 (RLIN) 151419
700 1# - PUNTO DE ACCESO ADICIONAL--NOMBRE DE PERSONA
Nombre de persona Pérez Román, Arturo
9 (RLIN) 148019
Término indicativo de función/relación coordinador
700 1# - PUNTO DE ACCESO ADICIONAL--NOMBRE DE PERSONA
Nombre de persona Arcos Hernández, Ana Estela
9 (RLIN) 131951
Término indicativo de función/relación colaboradora
856 42 - LOCALIZACIÓN Y ACCESO ELECTRÓNICOS
Identificador Uniforme del Recurso <a href="http://10.13.5.2/ve/TC552IA/TC552IA2009-REPORTE.pdf">http://10.13.5.2/ve/TC552IA/TC552IA2009-REPORTE.pdf</a>
Texto de enlace DESCARGAR REPORTE
942 ## - ELEMENTOS DE PUNTO DE ACCESO ADICIONAL (KOHA)
Fuente del sistema de clasificación o colocación Clasificación Universidad Autónoma de Chapingo
901 ## - ELEMENTOS DE DATOS A LOCAL LDA (RLIN)
a T.C.552 P47 IA 2009
902 ## - ELEMENTOS DE DATOS B LOCAL, LDB (RLIN)
a M
905 ## - ELEMENTOS DE DATOS E LOCAL, LDE (RLIN)
a 5232272009 MX aimn8223223322SPA16
942 ## - ELEMENTOS DE PUNTO DE ACCESO ADICIONAL (KOHA)
Tipo de ítem Koha Viaje de Estudios
Holdings
Estado de retiro Estado de pérdida Fuente del sistema de clasificación o colocación Estado dañado Restricciones de uso No para préstamo Código de colección Localización permanente Ubicación/localización actual Fecha de adquisición Fuente de adquisición Total de préstamos Signatura topográfica completa Código de barras Fecha visto por última vez Número de copia Precio válido a partir de Tipo de ítem Koha Ubicación en estantería
    Clasificación Universidad Autónoma de Chapingo   Préstamo interno   Viajes de Estudio Ingenieria Agroindustrial Ingenieria Agroindustrial 18/01/2022 El autor   T.C.552 P47 IA 2009 1106006756 26/01/2026 Ej.1 18/01/2022 Viaje de Estudios  
    Clasificación Universidad Autónoma de Chapingo       Viajes de estudio - En línea Ingenieria Agroindustrial Ingenieria Agroindustrial 18/01/2022 El autor   T.C.552 P47 IA 2009 1206006756 05/04/2024   05/04/2024 Viajes de Estudio - En línea En línea